| 000 | 00756nam a22001577a 4500 | ||
|---|---|---|---|
| 003 | OSt | ||
| 005 | 20150915101322.0 | ||
| 008 | 150915b xxu||||| |||| 00| 0 eng d | ||
| 040 | _cRUA | ||
| 082 | _aAGR CHH 2000 B023 Or.1 | ||
| 100 |
_9488 _aCHHENG, SOKUNTHY |
||
| 245 | _aStudy on intergrated development programe by "world vison " organization in kandal steung disteict, kandal province ការសិក្សាស្ដីពីកម្មវិធីអភិវឌ្ឍន៏ចំរុះរបស់អង្គការ"ទស្សន:ពិភពលោក" នៅស្រុកកណ្ដាលស្ទឺងខេត្តកណ្ដាល | ||
| 260 |
_aPhnom Penh _bRUA _c2000 |
||
| 300 |
_a85p. _bill. _c29cm. |
||
| 942 |
_2ddc _cAGR |
||
| 999 |
_c468 _d468 |
||